| 000 | 005160000a22001930004500 | ||
|---|---|---|---|
| 001 | 004493 | ||
| 003 | MACL | ||
| 005 | 20150729165505.0 | ||
| 008 | 150729b xxu||||| |||| 00| 0 eng d | ||
| 040 |
_aMACL _cMACL |
||
| 041 | _aEnglish | ||
| 082 | _a341.481/CHA | ||
| 100 |
_aBhadra, Sujato _93333 |
||
| 245 |
_aHuman Rights & The United Nations _bClassic Reprint _cSujato Bhadra |
||
| 260 |
_aKolkata _c2002 _bProgressive Publishers, |
||
| 350 | _a400 | ||
| 650 |
_aInternational Laws _93227 |
||
| 942 |
_k341 _cBK _2ddc |
||
| 999 |
_c16382 _d16382 |
||